000 00457nam a2200169Ia 4500
003 IN-BaIIA
008 211028s9999 xx 000 0 eng d
040 _cIIA Library
080 _a681.3
_bMCC
100 _aMcCracken, D. Daniel
_94345
245 2 _aA Guide to IBM 1401 Programming
_cDaniel D. McCracken
260 _aNew York
_bJohn Wiley & Sons
_c1963
300 _aviii,199p
650 _aComputer Programming
650 _aNASA Thesaurus
942 _cBK
999 _c2433
_d2433